000 00344nam a2200145Ia 4500
008 230711s9999||||xx |||||||||||||| ||und||
041 _aENG
082 _a624
_bST-M
100 _aStratta,James L
245 0 _aMannual of seismic design
250 _a1st Ed.
260 _c2004
_aNew Delhi
_bPearson
650 _aCivil Engineering
942 _cBK
999 _c4376
_d4376